| 000 | 00475cam a2200193ua 4500 | ||
|---|---|---|---|
| 001 | 2520 | ||
| 008 | 110824n ii |||gr||||Z||||||asm | ||
| 020 | _a81-85916-80-2 | ||
| 040 | _cMAIN | ||
| 082 | _a410 | ||
| 100 | 1 |
_aThakur, Nagen, _eAuthor. |
|
| 245 | 1 |
_aBhasa aru bhasa-chinta _cby Nagen Thakur |
|
| 250 | _a1st. | ||
| 260 |
_aGuahati: _bK. M. Publishing, _c2003. |
||
| 300 |
_a182p: _c23cm. |
||
| 653 | _aLinguisties | ||
| 653 | _aBhasa aru bhasa-chinta | ||
| 942 | _cBK | ||
| 999 |
_c2373 _d2373 |
||